Aadunik hindi prayog kosh. (Record no. 101215)

MARC details
000 -LEADER
fixed length control field 00584nam a2200193Ia 4500
003 - CONTROL NUMBER IDENTIFIER
control field OSt
005 - DATE AND TIME OF LATEST TRANSACTION
control field 20240411093700.0
008 - FIXED-LENGTH DATA ELEMENTS--GENERAL INFORMATION
fixed length control field 210210b1997 xxu||||| |||| 00| 0 eng d
040 ## - CATALOGING SOURCE
Transcribing agency AL
041 ## - LANGUAGE CODE
Language code of text/sound track or separate title Hindi
082 ## - DEWEY DECIMAL CLASSIFICATION NUMBER
Classification number H491.3 KAPA
100 ## - MAIN ENTRY--PERSONAL NAME
Personal name KAPUR (Badarinath).
Dates associated with a name बदरीनाथ कपूर
9 (RLIN) 159523
245 ## - TITLE STATEMENT
Title Aadunik hindi prayog kosh.
Remainder of title आधुनिक हिन्दी प्रयोग कोश
260 ## - PUBLICATION, DISTRIBUTION, ETC.
Place of publication, distribution, etc. Nayi Dilli.
Name of publisher, distributor, etc. Radhakrashn Prakashan.,
Date of publication, distribution, etc. 1997
300 ## - PHYSICAL DESCRIPTION
Extent x,268
690 ## - LOCAL SUBJECT ADDED ENTRY--TOPICAL TERM (OCLC, RLIN)
Topical term or geographic name as entry element Hindi Dictionary
9 (RLIN) 159524
906 ## - LOCAL DATA ELEMENT F, LDF (RLIN)
a 052657
942 ## - ADDED ENTRY ELEMENTS (KOHA)
Source of classification or shelving scheme Dewey Decimal Classification
Koha item type Book
Holdings
Withdrawn status Lost status Source of classification or shelving scheme Damaged status Not for loan Collection code Home library Current library Date acquired Cost, normal purchase price Total Checkouts Full call number Barcode Date last seen Price effective from Koha item type
    Dewey Decimal Classification     Hindi St Aloysius Library St Aloysius Library 02/17/2021 250.00   H491.3 KAPA 052657 02/17/2021 02/17/2021 Book